01000nam a2200181 a 450000100100000000500170001000800410002704000250006808200150009310000340010824501590014226000580030130000210035950001940038095201130057495201140068799900170080100003627620200930075637.0120112s1969 ve 000 0 spa d aDO-SdBNPbspacBNPHU axxxbB456a1 aBenaim Pinto, Henrique96239510aAnálisis del estado actual de la educación medica en Venezuela :bCon observaciones sobre nuestra problematica universitaria /cHenrique Benaim Pinto. aVenezuela :bUniversidad Central de Venezuela,c1969. a283 p. ;c23 cm. aCorrelato al tema formación de profesionales de la medicina, presentado al VII Congreso Venezolano de Ciencias Médicas - Caracas 23-30 de octubre, 1967- actualizado para febrero de 1969 001050718MOaGRbGRcCTd2012-01-12iLF1l0oxxx B456ap36277-10r2020-06-25w2020-06-25y1ZNo se presta 0010507-18MOaGRbGRcOId2012-01-12iLF1l0oxxx B456ap36278-10r2020-06-25w2020-06-25y1ZNo se presta c35767d35767